00772nam a2200181 a 450000100060000000300090000600800410001502000150005604000280007108200170009910000200011624500440013626000330018030000080021350503240022165000310054565000140057621345CO-ViMGA141112s2004 ck r 000 u spa d a848088469X aCO-ViMGAbspacCO-ViMGA04a658.404 L3841 aLewis, James P.10aLas claves de la gestión de proyectos aBarcelona; gestión, c2004 a137 aDesarrollar la misión, la visión, las metas y los objetivos del proyecyo 29 - - Utilizar la estructura del desglose 51 - - Elaborar un calendario factible 75 - - El control del proyecto utilizando el análisis de los valores percibidos 105 - - Cómo hacer que la gestión de proyectos funcione en su empresa 13 14aADMINSTRACION DE PROYECTOS14aPROYECTOS